កំពូលវិសាល / (Record no. 9274)
[ view plain ]
| 000 -LEADER | |
|---|---|
| fixed length control field | 01688nam a22002897a 4500 |
| 001 - CONTROL NUMBER | |
| control field | 9274 |
| 003 - CONTROL NUMBER IDENTIFIER | |
| control field | FISKH |
| 005 - DATE AND TIME OF LATEST TRANSACTION | |
| control field | 20251209082315.0 |
| 008 - FIXED-LENGTH DATA ELEMENTS--GENERAL INFORMATION | |
| fixed length control field | 251209b cb ||||| |||| 00| 0 eng d |
| 040 ## - CATALOGING SOURCE | |
| Original cataloging agency | FISKH |
| Language of cataloging | khr |
| Transcribing agency | FISKH |
| Modifying agency | FISKH |
| 050 ## - LIBRARY OF CONGRESS CALL NUMBER | |
| Classification number | PZ7 |
| 082 ## - DEWEY DECIMAL CLASSIFICATION NUMBER | |
| Classification number | 510.71 |
| 100 ## - MAIN ENTRY--PERSONAL NAME | |
| Personal name | Arnaron, Kim |
| 245 ## - TITLE STATEMENT | |
| Title | កំពូលវិសាល / |
| Statement of responsibility, etc. | និពន្ធដោយ គឹម អាន អរុណ , គូររូបដោយ សេងវិសាល |
| 260 ## - PUBLICATION, DISTRIBUTION, ETC. | |
| Place of publication, distribution, etc. | ភ្នំពេញ : |
| 300 ## - PHYSICAL DESCRIPTION | |
| Extent | 37 pages : |
| Other physical details | color illustrations ; |
| Dimensions | 24 cm . |
| 505 ## - FORMATTED CONTENTS NOTE | |
| Formatted contents note | P <br/> |
| 520 ## - SUMMARY, ETC. | |
| Summary, etc. | វិសាល កំពូលដៃភ្លើងជើងមាន់ សម្បូរគំនិតប្លែកៗ។ តែគេក៏ត្រូវយាយស្ដីឳ្យគ្មានលោះថ្ងៃដែរ ព្រោះបំណងល្អរបស់គេតែងធ្វើឳ្យយាយឈឺក្បាលជានិច្ច។ ដើម្បីឳ្យយាយស្រលាញ់វិសាលបានបត់សត្វក្រៀលធ្វើជាកាំជ្រួចអោយយាយ។ |
| 520 ## - SUMMARY, ETC. | |
| Summary, etc. | Visal is the all thumb child who full of strange ideas. His grandmother always blame him, because his good intentions always give her a headache. To get a love from her, Visal turned the crane paper into a fireworks. |
| 521 8# - TARGET AUDIENCE NOTE | |
| Target audience note | 650 <br/> |
| Source | Lexile <br/> |
| 521 8# - TARGET AUDIENCE NOTE | |
| Target audience note | P <br/> |
| Source | Raz-Plus <br/> |
| 650 ## - SUBJECT ADDED ENTRY--TOPICAL TERM | |
| Topical term or geographic name entry element | កំពូលវិសាល |
| Form subdivision | រឿងនិទានកុមារ |
| 650 ## - SUBJECT ADDED ENTRY--TOPICAL TERM | |
| Topical term or geographic name entry element | Kom pol Visal |
| Form subdivision | Children's Stories |
| 700 ## - ADDED ENTRY--PERSONAL NAME | |
| Personal name | Visal , Seng |
| Relator term | Illustrator |
| 942 ## - ADDED ENTRY ELEMENTS (KOHA) | |
| Source of classification or shelving scheme | Dewey Decimal Classification |
| Koha item type | Khmer Books |
| Suppress in OPAC | No |
| Withdrawn status | Lost status | Source of classification or shelving scheme | Damaged status | Not for loan | Collection | Home library | Current library | Shelving location | Date acquired | Total Checkouts | Full call number | Barcode | Date last seen | Price effective from | Koha item type |
|---|---|---|---|---|---|---|---|---|---|---|---|---|---|---|---|
| Dewey Decimal Classification | Khmer Language Books / សៀវភៅភាសាខ្មែរ | Footprints International School Library Network Toul Tom Poung Campus | Footprints International School Library Network Toul Tom Poung Campus | TTP Primary Khmer Bookshelves | 12/09/2025 | ARN PZ7 510.71 | 2025-5088 | 12/09/2025 | 12/09/2025 | Khmer Books |
